Operačný systém MS-DOS. Verzia 3.21. II.časť. Príručka používateľa

Guardado en:
Detalles Bibliográficos
Formato: Libro
Publicado: Bratislava : P ČSVTS pri Závode výpočtovej techniky SŠP, 1988
Etiquetas: Agregar Etiqueta
Sin Etiquetas, Sea el primero en etiquetar este registro!

MARC

LEADER 00000nam a22000003a 4500
001 stu14904
005 20150408181735.4
008 ------s1988----cs----------------------d
040 |a STU  |b slo 
041 0
044 |a cs 
080 |a 681.3.06 
245 |a Operačný systém MS-DOS. Verzia 3.21. II.časť. Príručka používateľa 
260 |a Bratislava :  |b P ČSVTS pri Závode výpočtovej techniky SŠP,  |c 1988 
300 |a 140 s 
996 |b CB715  |c C*B715  |l CCI  |s A  |a 24  |w stu14904_0001 
996 |b CB717  |c C*B717  |l CCI  |s A  |a 24  |w stu14904_0002